[Event "Ibague op"]
[Site "Ibague"]
[Date "2022.10.09"]
[Round "9"]
[White "Corredor Rengifo, Luis Fernando"]
[Black "Hernandez Jimenez, Jeronimo"]
[Result "0-1"]
[WhiteElo "2137"]
[BlackElo "2188"]
[PlyCount "88"]
[EventDate "2022.10.05"]
[EventType "swiss"]
[EventRounds "10"]
[EventCountry "COL"]
[SourceTitle "CBM 210 Extra"]
[Source "ChessBase"]
[SourceDate "2022.11.30"]
[SourceVersion "1"]
[SourceVersionDate "2022.11.30"]
[SourceQuality "1"]

1. d4 d5 2. c4 e6 3. Nc3 Nf6 4. cxd5 Nxd5 5. e4 Nxc3 6. bxc3 c5 7. Nf3 cxd4 8. cxd4 Bb4+ 9. Bd2 Bxd2+ 10. Qxd2 0-0 11. Be2 b6 12. 0-0 Bb7 13. Qf4 Nc6 14. Rad1 Rc8 15. d5 exd5 16. exd5 Ne7 17. Bc4 Nxd5 18. Bxd5 Bxd5 19. Nd4 Qc7 20. Qg5 Be4 21. Rfe1 Bg6 22. h4 Qc5 23. Re5 Qc4 24. Qe3 f6 25. Re7 Rce8 26. Nf3 Rxe7 27. Qxe7 Qf7 28. Qd6 Bh5 29. a4 Qb3 30. Rd3 Qxa4 31. Nd4 Qa5 32. Ne6 Re8 33. Re3 Bf7 34. Qd7 Qf5 35. Qc6 h5 36. Nd4 Qb1+ 37. Kh2 Rxe3 38. fxe3 a5 39. Qc8+ Kh7 40. Qf8 Bd5 41. Qe8 Qg6 42. Qxg6+ Kxg6 43. Ne2 Bc4 44. Nf4+ Kh6 0-1

[Event "Ibague op"]
[Site "Ibague"]
[Date "2022.10.08"]
[Round "7"]
[White "Blanco Fernandez, Lino Orlando"]
[Black "Corredor Rengifo, Luis Fernando"]
[Result "1-0"]
[WhiteElo "2297"]
[BlackElo "2137"]
[PlyCount "73"]
[EventDate "2022.10.05"]
[EventType "swiss"]
[EventRounds "10"]
[EventCountry "COL"]
[SourceTitle "CBM 210 Extra"]
[Source "ChessBase"]
[SourceDate "2022.11.30"]
[SourceVersion "1"]
[SourceVersionDate "2022.11.30"]
[SourceQuality "1"]

1. e4 e5 2. Nf3 Nc6 3. Bc4 Nf6 4. 0-0 Be7 5. d3 0-0 6. h3 d5 7. exd5 Nxd5 8. Re1 Nb6 9. Bb3 a5 10. a4 Nd4 11. Nxd4 exd4 12. Qh5 Nd7 13. Bf4 Nc5 14. Bc4 Be6 15. Nd2 Qd7 16. b3 b6 17. Nf3 Bd6 18. Ng5 Bf5 19. Bxd6 Bg6 20. Qf3 Qxd6 21. Bxf7+ Kh8 22. Qd5 Qf6 23. Bxg6 Qxf2+ 24. Kh1 hxg6 25. Rf1 Qd2 26. Nf7+ Kh7 27. Qxd4 g5 28. Rf2 Qb4 29. c4 Nxb3 30. Qg4 g6 31. Qxg5 Qc3 32. Raf1 Qg7 33. Rf4 Kg8 34. Qd5 c6 35. Qxc6 Nd4 36. Qd5 Ne2 37. Ng5+ 1-0

[Event "Ibague op"]
[Site "Ibague"]
[Date "2022.10.06"]
[Round "4"]
[White "Campos Gomez, Manuel"]
[Black "Corredor Rengifo, Luis Fernando"]
[Result "1/2-1/2"]
[WhiteElo "2330"]
[BlackElo "2137"]
[PlyCount "81"]
[EventDate "2022.10.05"]
[EventType "swiss"]
[EventRounds "10"]
[EventCountry "COL"]
[SourceTitle "CBM 210 Extra"]
[Source "ChessBase"]
[SourceDate "2022.11.30"]
[SourceVersion "1"]
[SourceVersionDate "2022.11.30"]
[SourceQuality "1"]

1. d4 Nf6 2. c4 e6 3. g3 Bb4+ 4. Bd2 Qe7 5. Bg2 0-0 6. Nf3 Nc6 7. 0-0 d5 8. Qc2 Rd8 9. e3 dxc4 10. Qxc4 Bxd2 11. Nbxd2 e5 12. dxe5 Nxe5 13. Nxe5 Qxe5 14. Nf3 Qe7 15. Nd4 c6 16. b4 Bg4 17. Rfc1 Rac8 18. a3 Be6 19. Nxe6 Qxe6 20. Qxe6 fxe6 21. Rd1 Kf7 22. Kf1 Ke7 23. Ke2 Rxd1 24. Rxd1 Rd8 25. Rc1 Nd7 26. Be4 h6 27. Bg2 a5 28. Rb1 axb4 29. axb4 Ra8 30. Rb2 Kd6 31. b5 cxb5 32. Rxb5 Ra2+ 33. Kf1 b6 34. Bf3 Kc7 35. Rb4 Ne5 36. Be2 Kc6 37. Re4 Kd5 38. Rd4+ Kc5 39. Re4 Kd6 40. Rd4+ Kc5 41. Re4 1/2-1/2

[Event "Tolima Deportivo op"]
[Site "Tolima"]
[Date "2021.11.15"]
[Round "6"]
[White "Lopez Idarraga, Daniel Eduardo"]
[Black "Corredor Rengifo, Luis Fernando"]
[Result "0-1"]
[WhiteElo "2018"]
[BlackElo "2154"]
[PlyCount "62"]
[EventDate "2021.11.12"]
[EventType "swiss"]
[EventRounds "7"]
[EventCountry "COL"]
[SourceTitle "CBM 205 Extra"]
[Source "ChessBase"]
[SourceDate "2022.01.31"]
[SourceVersion "1"]
[SourceVersionDate "2022.01.31"]
[SourceQuality "1"]

1. d4 Nf6 2. c4 e6 3. Nc3 d5 4. cxd5 exd5 5. Bg5 Bb4 6. Qa4+ Nc6 7. e3 0-0 8. Bd3 Bg4 9. Nge2 Bxe2 10. Bxe2 h6 11. Bh4 g5 12. Bg3 Ne4 13. Rc1 f5 14. 0-0 Bxc3 15. bxc3 f4 16. f3 Nxg3 17. hxg3 fxg3 18. Qc2 Kg7 19. f4 gxf4 20. Bg4 Qg5 21. Bh3 fxe3 22. Qd3 Rf2 23. Rfe1 Re8 24. c4 Rd2 25. Qc3 Nxd4 26. cxd5 Re7 27. Rcd1 Qf6 28. Rxd2 Ne2+ 29. Rdxe2 Qxc3 30. Be6 Re8 31. Rxe3 Qd4 0-1

[Event "Tolima Deportivo op"]
[Site "Tolima"]
[Date "2021.11.12"]
[Round "1"]
[White "Corredor Rengifo, Luis Fernando"]
[Black "Perez, Juan Sebastian"]
[Result "1-0"]
[WhiteElo "2154"]
[BlackElo "1376"]
[PlyCount "75"]
[EventDate "2021.11.12"]
[EventType "swiss"]
[EventRounds "7"]
[EventCountry "COL"]
[SourceTitle "CBM 205 Extra"]
[Source "ChessBase"]
[SourceDate "2022.01.31"]
[SourceVersion "1"]
[SourceVersionDate "2022.01.31"]
[SourceQuality "1"]

1. d4 d5 2. c4 c6 3. Nc3 g6 4. e4 dxe4 5. Nxe4 Bf5 6. Ng3 Bg7 7. Nf3 Bg4 8. Be3 Bxf3 9. gxf3 e6 10. Qd2 Ne7 11. h4 Nd7 12. h5 Qb6 13. h6 Bf6 14. 0-0-0 0-0-0 15. Ne4 Nf5 16. c5 Qc7 17. Nxf6 Nxf6 18. Bf4 Qe7 19. Be5 Nxd4 20. Bxd4 e5 21. Bh3+ Kb8 22. Qe2 Rd5 23. Bc3 Rhd8 24. Rxd5 Nxd5 25. Qxe5+ Qxe5 26. Bxe5+ Ka8 27. Rd1 Re8 28. Bd4 a5 29. Bf1 Re6 30. Bc4 g5 31. Bxd5 cxd5 32. Bg7 Re2 33. Rd2 Re1+ 34. Kc2 Rf1 35. Kd3 Kb8 36. Ke2 Rg1 37. Rxd5 Kc7 38. Rf5 1-0

[Event "COL-chT 21st"]
[Site "Cartagena"]
[Date "2019.11.30"]
[Round "4.3"]
[White "Mateus Urbano, Luis Alejandro"]
[Black "Corredor Rengifo, Luis Fernando"]
[Result "1-0"]
[WhiteElo "2334"]
[BlackElo "2106"]
[PlyCount "63"]
[EventDate "2019.11.30"]
[EventType "team-swiss"]
[EventRounds "9"]
[EventCountry "COL"]
[SourceTitle "CBM 195 Extra"]
[Source "ChessBase"]
[SourceDate "2020.05.31"]
[SourceVersion "1"]
[SourceVersionDate "2020.05.31"]
[SourceQuality "1"]
[WhiteTeam "Valle"]
[BlackTeam "Tolima"]
[WhiteTeamCountry "COL"]
[BlackTeamCountry "COL"]

1. d4 Nf6 2. c4 e6 3. Nf3 b6 4. g3 Ba6 5. Qc2 Bb7 6. Bg2 c5 7. d5 exd5 8. Nh4 g6 9. Nc3 Bg7 10. 0-0 0-0 11. Bg5 h6 12. Bxf6 Bxf6 13. Nxd5 Bxh4 14. gxh4 Nc6 15. h5 Nd4 16. Qd3 Qg5 17. f4 Qh4 18. hxg6 f5 19. e3 Ne6 20. Rf3 Bxd5 21. Qxd5 Rad8 22. Rh3 Qf6 23. Rxh6 Kg7 24. Rh3 Qxb2 25. Rf1 Rf6 26. Rh7+ Kxg6 27. Rxd7 Rxd7 28. Qxd7 Ng7 29. Rf3 Re6 30. Rg3+ Kh6 31. Qf7 Rd6 32. Rh3+ 1-0

[Event "COL-chT rapid"]
[Site "Cartagena"]
[Date "2019.11.29"]
[Round "2.4"]
[White "Corredor Rengifo, Luis Fernando"]
[Black "Rodriguez Velasco, German Enrique"]
[Result "1-0"]
[WhiteElo "1976"]
[BlackElo "2100"]
[PlyCount "76"]
[EventDate "2019.11.29"]
[EventType "team-swiss"]
[EventRounds "7"]
[EventCountry "COL"]
[SourceTitle "CBM 193 Extra"]
[Source "ChessBase"]
[SourceDate "2020.01.31"]
[SourceVersion "1"]
[SourceVersionDate "2020.01.31"]
[SourceQuality "1"]
[WhiteTeam "Tolima"]
[BlackTeam "Boyaca"]
[WhiteTeamCountry "COL"]
[BlackTeamCountry "COL"]

1. d4 Nf6 2. c4 g6 3. Nf3 Bg7 4. g3 d6 5. Bg2 0-0 6. Nc3 c6 7. 0-0 Nbd7 8. Qc2 Qc7 9. Rd1 e5 10. e4 Re8 11. h3 b6 12. Be3 Bb7 13. Rac1 Rac8 14. b4 exd4 15. Nxd4 a6 16. Nb3 Rcd8 17. Qd2 Nf8 18. Bf4 Qd7 19. Qxd6 Qxd6 20. Bxd6 N6d7 21. c5 bxc5 22. bxc5 Ne6 23. Na4 Ng5 24. Bc7 Ra8 25. Rxd7 Bc8 26. Rdd1 Nxh3+ 27. Bxh3 Bxh3 28. Nb6 Ra7 29. Bf4 Bg4 30. Rd3 Be2 31. Re3 Bg4 32. f3 Be6 33. Rd3 a5 34. a4 h6 35. Nd4 Rd8 36. Rcd1 g5 37. Nxe6 Rxd3 38. Rxd3 Ra8 1-0

[Event "Medellin Raza op 9th"]
[Site "Medellin"]
[Date "2019.10.11"]
[Round "2"]
[White "Corredor Rengifo, Luis Fernando"]
[Black "Becerra, Juan David"]
[Result "1/2-1/2"]
[WhiteElo "2119"]
[BlackElo "2343"]
[PlyCount "62"]
[EventDate "2019.10.11"]
[EventType "swiss"]
[EventRounds "8"]
[EventCountry "COL"]
[SourceTitle "CBM 192 Extra"]
[Source "Chessbase"]
[SourceDate "2019.11.06"]
[SourceVersion "1"]
[SourceVersionDate "2019.11.06"]
[SourceQuality "1"]

1. d4 Nf6 2. c4 c5 3. Nf3 cxd4 4. Nxd4 e6 5. Nc3 Bb4 6. g3 Ne4 7. Bd2 Nxd2 8. Qxd2 Nc6 9. Bg2 0-0 10. 0-0 a6 11. Nc2 Be7 12. Rfd1 Rb8 13. Ne4 Qc7 14. Nd6 Rd8 15. b4 Ne5 16. Ne3 f6 17. c5 b6 18. f4 Nf7 19. Qd3 Rf8 20. Nxc8 Rbxc8 21. Qxd7 bxc5 22. Qxe6 cxb4 23. Rd7 Qc3 24. Rxe7 Qxa1+ 25. Kf2 Qc3 26. Bd5 Kh8 27. Rxf7 Rfe8 28. Re7 Rxe7 29. Qxe7 a5 30. Be6 Qc7 31. Qxc7 Rxc7 1/2-1/2